Регионална библиотека "Любен Каравелов" - Русе

Играчка-плачка | Две петлета се скарали (Запис номер 149303)

MARC детайли
000 -Лидер
Контролно поле с фиксирана дължина nam a22 a 4500
003 - Код на организацията, давaща контролен номер
Контролно поле BLK
005 - Дата и час на последна редакция
Контролно поле 20230203111859.0
008 - Елементи от данни с фиксирана дължина
fixed length control field 180410b bul|||||r ||||||| ||bul||
010 ## - Наследен системен номер
LC control number KNG00155557000
040 ## - Източник на каталожния запис
Идентификатор на билиотеката - собственик на записа BLK
041 ## - Код за език
Код за езика на текст/звукозапис или на отделно заглавие Български
Код за езика КДБФ Български
080 ## - УДК
Текстов определител УДК Забавна физика, трикове, фокуси, илюзионизъм, хоби (общи въпроси). Се класифица със съотношение към съответния отдел. Вж и 792.734
УДК код - определител по УДК 793.8
УДК определител (497.2)
УДК - код + определител 793.8(497.2)
080 ## - УДК
Текстов определител УДК Развиване на мисълта. Подвижни упражнения - Упражняване на вниманието и способността за различаване, наблюдаване на природата, гимнастика, ритмични упражнения, ръчна работа и др.
УДК код - определител по УДК 372.36
УДК - код + определител 372.36
100 1# - Редна дума - Автор
Автор Зайков, Илия
Авторска отговорност първи автор
R(LIN) 302135
139 ## - Редно поле
Редна дума Зайков, Илия
Авторски знак Заи - З 23
245 10 - Сведения за заглавието
Заглавие Играчка-плачка
Редно поле (дума) Илия Зайков; съавт. Златка Асенова; худож. Борис Ачков.
245 10 - Сведения за заглавието
Заглавие Две петлета се скарали
Подзаглавни данни Бълг. нар. игри и играчки за деца
257 ## - Страна на издаване
Страна на създаване/издаване България
260 ## - Област на издателските данни
Име на издателя, разпространителя и проч. Нар. младеж
Година на издаване 1984
Печатница Варна : Ст. Добрев-Странджата
Място на издаване, разпространение и проч. София
300 ## - Физическа характеристика
Страници 232 с.
Илюстрации и др. с ил.
Размери/Мащаб 23 см
380 ## - Жанр
Жанр Детска отраслова лит.
500 ## - Общи забележки
Забележка 28 000 тир. - Библиогр. с. 222-224. - Показалец на играчките и игрите.
650 #4 - Допълнително описание по предмет – тема
Основно описание – тема или топоним Детски игри, български
9 (RLIN) 251429
653 ## - Ключова дума – ненормативна
Ключова дума детски игри
653 ## - Ключова дума – ненормативна
Ключова дума залъгалки
700 1# - Други автори (авторска отговорност)
Лично име Асенова, Златка
Автороска отговорност (Описва отношението между автора и произведението) съавт.
9 (RLIN) 330419
700 1# - Други автори (авторска отговорност)
Лично име Ачков, Борис
Автороска отговорност (Описва отношението между автора и произведението) худож.
9 (RLIN) 330420
852 ## - Местоположение
Форматна сигнатура Цб 267146
856 4# - Електронен адрес и достъп
Електронен формат pdf - файл
Инструкция (цена за достъп) 0.00
Права за достъп disable
856 4# - Електронен адрес и достъп
Електронен формат pdf - файл
Инструкция (цена за достъп) 0.00
Права за достъп disable
999 ## - СИСТЕМНИ КОНТРОЛНИ НОМЕРА
Koha biblionumber 149303
Koha biblioitemnumber 149303
942 ## - АРТИКУЛИ
Вид на библиотечния материал Книги
Скрит в OPAC Не
Koha issues (borrowed), all copies 6
Периодичен библиозапис Да
944 ## - СЪЗДАВАНЕ И РЕДАКЦИЯ на ЗАПИСА
Създаване/Редакция Създаване
Дата на регистрацията/редакция 11.01.2014
Статус, дата на статуса 11.01.2014 - от С1,Р / 11.01.2014
Служител, извършил регистрацията/редакцията Митко_Георгиев
944 ## - СЪЗДАВАНЕ И РЕДАКЦИЯ на ЗАПИСА
Създаване/Редакция Редакция
Дата на регистрацията/редакция 11.01.2014
Статус, дата на статуса 11.01.2014 - от С1,Р / 11.01.2014
999 ## - СИСТЕМНИ КОНТРОЛНИ НОМЕРА
Koha biblioitemnumber 149303
Наличности
Код за отписване Код за изгубен артикул Източник на класификационната схема Код за повреда Коз за рестрикции Код за отдаване Артикулен № Име на библиотеката - собственик Име на библиотеката, в която се намира в момента Статус (Текущо местоположение) Дата на вписване в системата Местоположение - отдел Цена в лева Инвентарен номер Систематично азбучна сигнатура Баркод Номер на екземпляра Цена в евро Служебна бележка Служебен тип на артикула
  Не е изгубен Universal Decimal Classification Не е повреден без рестрикции ползва се в читалня 249212 Регионална библиотека "Любен Каравелов" Русе Регионална библиотека "Любен Каравелов" Русе Хранилище 1984-01-01 Хранилище 1.82 420973 Цб 267146 120000420973 1 0.93 N: стар фонд Дата: 01.01.1984 Книги
  Не е изгубен Universal Decimal Classification Не е повреден без рестрикции заемане за дома 249213 Регионална библиотека "Любен Каравелов" Русе Регионална библиотека "Любен Каравелов" Русе Детски отдел 1984-01-01 Детски отдел 1.82 419970 ДН 79/З-23 120000419970 2 0.93 N: стар фонд Дата: 01.01.1984 Дата инв: 06.10.2015 Бележки инв: Д2015 Книги
Изтеглен Не е изгубен Universal Decimal Classification Не е повреден без рестрикции заемане за дома 249214 Регионална библиотека "Любен Каравелов" Русе Регионална библиотека "Любен Каравелов" Русе Детски отдел 1984-01-01 Детски отдел 1.82 419971 ДН 79/З-23 419971 3 0.93 N: стар фонд Дата: 01.01.1984 Дата инв: 25.08.2015 Бележки инв: Д2015 Книги
Изтеглен Не е изгубен Universal Decimal Classification Не е повреден без рестрикции заемане за дома 249215 Регионална библиотека "Любен Каравелов" Русе Регионална библиотека "Любен Каравелов" Русе Детски отдел 1984-01-01 Детски отдел 1.82 419972 ДН 79/З-23 419972 4 0.93 N: стар фонд Дата: 01.01.1984 Дата инв: 25.08.2015 Бележки инв: Д2015 Книги
Изтеглен Не е изгубен Universal Decimal Classification Не е повреден без рестрикции заемане за дома 249216 Регионална библиотека "Любен Каравелов" Русе Регионална библиотека "Любен Каравелов" Русе Детски отдел 1984-01-01 Детски отдел 1.82 419973 ДН 79/З-23 419973 5 0.93 N: стар фонд Дата: 01.01.1984 Дата инв: 25.08.2015 Бележки инв: Д2015 Книги
  Не е изгубен Universal Decimal Classification Не е повреден без рестрикции заемане за дома 249217 Регионална библиотека "Любен Каравелов" Русе Регионална библиотека "Любен Каравелов" Русе Детски отдел 1984-01-01 Детски отдел 1.82 419974 ДН 79/З-23 120000419974 6 0.93 N: стар фонд Дата: 01.01.1984 Дата инв: 20.08.2015 Бележки инв: Д2015 Книги
Vip Innovations Ltd, Rousse, Bulgaria 2025